000 00775cam a2200229 i 4500
999 _c329416
_d329416
001 2752207
003 Nust
005 20171023124428.0
008 801009s1977 pk b 000 0 urdo
010 _a 78930237
020 _a969416320X
040 _aDLC
_cDLC
_dDLC
041 _hurdu
043 _aa-pk---
050 0 0 _aPK2199.I65
_bZ74536
082 _a891.4304
_bAKH
245 0 0 _aIqbāl kā adabī naṣbulʻain /
_cmurattabah Salīm Ak̲h̲tar.
260 _aLāhore :
_bShaik̲h̲ G̲h̲ulām ʻAlī,
_c1977
300 _a223 p. ;
_c23 cm.
500 _aIn Urdu.
504 _aIncludes bibliographical references.
600 1 0 _aIqbal, Muhammad,
_cSir,
_d1877-1938
_xCriticism and interpretation.
_96
700 0 _aSaleem Akhtar,
_d1934-
_953
880 _6100-01\(3\r
_aمحمد اقبال
880 _6245-02\(3\r
_aاقبال کا ادبی نصب العین
_cمرتبہ: سلیم اختر
880 _6260-03\(3\r
_aلاہور:
_bاقبال اکادمی پاکستان،
_c1977
906 _a7
_bcbc
_corignew
_d4
_encip
_f19
_gy-gencatlg
942 _2ddc
_cBK